|
|
|
|
| LEADER |
01904nam a2200493 a 4500 |
| 001 |
nkc20061702717 |
| 003 |
CZ PrNK |
| 005 |
20080212110910.0 |
| 007 |
ta |
| 008 |
061221s2006 xr a e f 001 0 cze |
| 015 |
|
|
|a cnb001702717
|
| 020 |
|
|
|a 80-204-1526-2
|q (váz.)
|
| 035 |
|
|
|a (OCoLC)124087423
|
| 040 |
|
|
|a OLA001
|b cze
|d ABA001
|
| 072 |
|
7 |
|a 618
|x Gynekologie. Porodnictví
|2 Konspekt
|9 14
|
| 080 |
|
|
|a 618.2/.3
|2 MRF
|
| 080 |
|
|
|a 618.4/.5
|2 MRF
|
| 080 |
|
|
|a 613.952/.954
|2 MRF
|
| 080 |
|
|
|a (035)
|2 MRF
|
| 100 |
1 |
|
|a Behinová, Markéta,
|d 1979-
|7 mzk2007382097
|4 aut
|
| 245 |
1 |
0 |
|a Velká kniha o mateřství :
|b od početí do věku 3 let /
|c Markéta Behinová, Klára Kaiserová ; odborná redakce Petr Karger
|
| 250 |
|
|
|a Vyd. 1.
|
| 260 |
|
|
|a Praha :
|b Mladá fronta,
|c 2006
|
| 300 |
|
|
|a 322 s. :
|b barev. il. ;
|c 31 cm
|
| 500 |
|
|
|a Pub. připravena s předními českými lékaři a časopisem Maminka
|
| 504 |
|
|
|a Obsahuje bibliografii a rejstřík
|
| 650 |
0 |
7 |
|a těhotenství
|7 ph126830
|2 czenas
|
| 650 |
0 |
7 |
|a porod
|7 ph124364
|2 czenas
|
| 650 |
0 |
7 |
|a péče o dítě
|7 ph124848
|2 czenas
|
| 650 |
0 |
9 |
|a pregnancy
|2 eczenas
|
| 650 |
0 |
9 |
|a childbirth
|2 eczenas
|
| 650 |
0 |
9 |
|a early child care
|2 eczenas
|
| 655 |
|
7 |
|a příručky
|7 fd133209
|2 czenas
|
| 655 |
|
9 |
|a handbooks and manuals
|2 eczenas
|
| 700 |
1 |
|
|a Kaiserová, Klára,
|d 1970-
|7 mzk2005300673
|4 aut
|
| 700 |
1 |
|
|a Karger, Petr
|7 jn20001227190
|4 edt
|
| 787 |
0 |
|
|t Maminka
|x 1213-5100
|
| 856 |
4 |
1 |
|u http://www.digitalniknihovna.cz/mzk/uuid/uuid:e95171b0-37a1-11e6-a5c5-005056827e51
|y Digitalizovaný dokument
|x NDK
|
| 910 |
2 |
|
|a BOA001
|b 4-1180.813
|
| 990 |
|
|
|a BK
|
| 995 |
|
|
|a 01
|
| 991 |
|
|
|b 200702
|c NOV
|
| 996 |
6 |
|
|b 2610301286
|c 4-1180.813
|l MZK
|r Sklad / do 1 hodiny
|n 6
|p p.v.
|w 000840220
|u 000010
|a 1
|e BOA001
|j MZK50
|s P
|
| 996 |
7 |
|
|b 2610307976
|c 4-1180.813
|l Vol.výběr
|r VV 1p
|n 67
|p kup
|h 618 BEH
|w 000840220
|u 000020
|a 0
|e BOA001
|j MZK50
|s A
|